Subdivisions - States of Austria by Flag - Statistics

General Stats
  • This quiz has been taken 18 times
  • The average score is 8 of 9
Answer Stats
Picture Answer % Correct
Tyrol /(Tirol)
100%
Styria /(Steiermark)
94%
Lower Austria /(Niederösterreich)
88%
Salzburg
88%
Upper Austria /(Oberösterreich)
88%
Vienna /(Wien)
88%
Burgenland
81%
Carinthia /(Kärnten)
81%
Vorarlberg
81%
No matching quizzes found
Score Distribution
Percent of People with Each Score
Percentile by Number Answered
Your Score History
You have not taken this quiz